00661 2200241 4500001002100000005001700021008004100038020001800079035002400097082001100121090001800132100002200150245006900172260002900241300003000270500003100300500001100331650002900342850001200371980001500383985000600398999001500404YOGYA-0209000005174020090227032820.0 ind  a979-669-005-5 0010-020900000051740 a791.43 a791.43bSum P aSUMARNO, Marselli aDasar-dasar apresiasi filmcMarselli Sumarno : ed : Djony Herfan aJakartabGrassindoc1996 axii, 127 hlmbilusc21 cm aBibliografi hlm. : 119-120 aIndeks aGambar hidup - Apresisai aYOPDYOG a17-12-2007 a1 a99P0002876